LEADER 01407nam a2200301 4500 001 000000361517 003 CaOOAMICUS 005 20250131112206.0 008 250131s2023 xxk 000 u eng r 020 $a978-1-108-79667-5$c(pb) 020 $a978-1-108-49092-4$c(hb) 040 $aSeMil$bita 245 04$aThe new Cambridge companion to biblical interpretation /$cedited by Ian Boxall, Bradley C. Gregory. 264 1$aCambridge [etc.] :$bCambridge University Press,$c2023. 300 $axv, 391 p. ;$c23 cm 490 1 $aCambridge companions to religion 650 4$aBibbia - Esegesi.$0(OLS)http://semarc/subject/5332 650 4$aErmeneutica biblica.$0(OLS)http://semarc/subject/1620 700 1 $aBoxall, Ian,$d<1964- >.$0(OLS)http://semarc/name/121420 700 1 $aGregory, Bradley C.$0(OLS)http://semarc/name/121421 830 4$aThe Cambridge companion to.$0(OLS)http://semarc/title/453007 850 $aSeMil 852 $aSeMil$W1$xVenegono$y1$m2YA F 5$j254670$B252479$CSeMilBibl$Z2$F252479 $81 996 $6020$a978-1-108-79667-5$c(pb)$9(OLS)http://semarc/number/302355 996 $6020$a978-1-108-49092-4$c(hb)$9(OLS)http://semarc/number/302356 996 $6245$aThe new Cambridge companion to biblical interpretation$9(OLS)http://semarc/title/452258 996 $6264$aCambridge [etc.] :$bCambridge University Press$9(OLS)http://semarc/publisher/37850 LEADER 01487nam a2200289 i 4500 001 000000249522 003 CaOOAMICUS 005 20160527000000.0 008 160527s2016 it u000 u ita u 013 $a228427 020 $a978-88-8227-462-7 040 $aSeMil$bita 245 10$aPacomio, servo di Dio e degli uomini :$bfonti greche sulla vita di Pacomio e dei suoi discepoli /$cintroduzione generale di William Harmless ; introduzione, traduzione e note a cura di Luigi D'Ayala Valva. 260 $aMagnano :$bQiqajon,$c2016. 300 $a602 p. :$bill. ;$c22 cm. 490 0 $aPadri della chiesa: volti e voci 600 04$aPacomio .$0(OLS)http://semarc/subject/6914 650 4$aPacomio - Biografie greche.$0(OLS)http://semarc/subject/24173 700 1 $aD'Ayala Valva, Luigi,$d<1976- >.$0(OLS)http://semarc/name/89120 700 1 $aHarmless, William .$0(OLS)http://semarc/name/26275 830 0$aPadri della chiesa: volti e voci.$0(OLS)http://semarc/title/26515 850 $aSeMil 852 $aSeMil$W1$xVenegono$y1$m2C IV 590$j199868$B199868$CSeMilBibl$Z2$F211918 $81 961 $aAcquisto: Cittą Nuova (Agente) 996 $6020$a978-88-8227-462-7$9(OLS)http://semarc/number/259673 996 $6245$aPacomio, servo di Dio e degli uomini :$bfonti greche sulla vita di Pacomio e dei suoi discepoli$9(OLS)http://semarc/title/351705 996 $6260$aMagnano :$bQiqajon$9(OLS)http://semarc/publisher/32326